[Event "LSS No Engine Cup 230 Preliminary 0"]
[Site "LSS email"]
[Date "2022.10.08"]
[Round "?"]
[White "Schleef, Harald"]
[Black "Townsend, John"]
[Result "1-0"]
[WhiteElo "2314"]
[BlackElo "1782"]
[PlyCount "27"]
[EventDate "2022.10.08"]
[EventType "tourn (corr)"]
[EventRounds "6"]
[EventCountry "GER"]
[SourceTitle "Corr 2024"]
[Source "ChessBase"]
[SourceDate "2023.10.19"]
[SourceVersion "1"]
[SourceVersionDate "2023.10.19"]
[SourceQuality "1"]

1. e4 e6 2. d4 d5 3. Nd2 c5 4. exd5 exd5 5. Bb5+ Nc6 6. Ngf3 Bd6 7. 0-0 cxd4 8. Nb3 Nge7 9. Nbxd4 0-0 10. b3 Bg4 11. Bb2 Qb6 12. Nxc6 Nxc6 13. Qxd5 Bxf3 14. Qxd6 1-0

[Event "LSS No Engine Cup 230 Preliminary 0"]
[Site "LSS email"]
[Date "2022.10.08"]
[Round "?"]
[White "Townsend, John"]
[Black "Henke, Simon"]
[Result "0-1"]
[WhiteElo "1782"]
[BlackElo "2085"]
[PlyCount "80"]
[EventDate "2022.10.08"]
[EventType "tourn (corr)"]
[EventRounds "6"]
[EventCountry "GER"]
[SourceTitle "Corr 2024"]
[Source "ChessBase"]
[SourceDate "2023.10.19"]
[SourceVersion "1"]
[SourceVersionDate "2023.10.19"]
[SourceQuality "1"]

1. e4 c5 2. Nf3 Nc6 3. d4 cxd4 4. Nxd4 e5 5. Nb5 d6 6. c4 Be6 7. N1c3 a6 8. Na3 g6 9. Nc2 Bg7 10. Be3 Nf6 11. Be2 0-0 12. 0-0 Rc8 13. b3 b5 14. cxb5 axb5 15. Bxb5 Na7 16. Bc4 Bxc4 17. bxc4 Rxc4 18. Nd5 Nxd5 19. exd5 Ra4 20. Rb1 Qa8 21. Nb4 Nb5 22. Qd3 Nd4 23. Bxd4 exd4 24. Rfc1 Rb8 25. Nc6 Re8 26. Nb4 Qa5 27. Qb3 h5 28. g3 Rb8 29. Nc6 Rxb3 30. axb3 Qa6 31. bxa4 Qxa4 32. Nb4 h4 33. Kg2 Qd7 34. h3 Qf5 35. Rb3 d3 36. g4 Qe4+ 37. Kg1 d2 38. Rf1 Qc4 39. Rbb1 Bc3 40. Nc6 Kg7 0-1

[Event "LSS No Engine Cup 229 Preliminary 0"]
[Site "LSS email"]
[Date "2022.08.25"]
[Round "?"]
[White "Weiss, Lester"]
[Black "Townsend, John"]
[Result "1/2-1/2"]
[WhiteElo "2076"]
[BlackElo "1789"]
[PlyCount "64"]
[EventDate "2022.08.25"]
[EventType "tourn (corr)"]
[EventRounds "6"]
[EventCountry "GER"]
[SourceTitle "Corr 2024"]
[Source "ChessBase"]
[SourceDate "2023.10.19"]
[SourceVersion "1"]
[SourceVersionDate "2023.10.19"]
[SourceQuality "1"]

1. d4 d5 2. c4 dxc4 3. Nf3 Nf6 4. e3 Bg4 5. Bxc4 e6 6. h3 Bh5 7. Nc3 Nbd7 8. 0-0 Bd6 9. e4 e5 10. Be2 0-0 11. dxe5 Nxe5 12. Nd4 Bxe2 13. Qxe2 Ng6 14. Ndb5 Bc5 15. Na4 Be7 16. Rd1 Qc8 17. Nac3 Rd8 18. Be3 c6 19. Nd4 Qc7 20. Nf5 Bb4 21. Bg5 Bxc3 22. bxc3 Qe5 23. Bxf6 Qxf6 24. Rxd8+ Rxd8 25. Rd1 h6 26. Rd4 Rxd4 27. cxd4 Ne7 28. Nxe7+ Qxe7 29. Qb2 Qxe4 30. Qxb7 Qxd4 31. Qc8+ Kh7 32. Qf5+ Kg8 1/2-1/2

[Event "LSS No Engine Cup 227 Preliminary 0"]
[Site "LSS email"]
[Date "2022.05.26"]
[Round "?"]
[White "Langheld, Werner"]
[Black "Townsend, John"]
[Result "1-0"]
[WhiteElo "2167"]
[BlackElo "1752"]
[PlyCount "57"]
[EventDate "2022.05.26"]
[EventType "tourn (corr)"]
[EventRounds "6"]
[EventCountry "GER"]
[SourceTitle "Corr 2024"]
[Source "ChessBase"]
[SourceDate "2023.10.19"]
[SourceVersion "1"]
[SourceVersionDate "2023.10.19"]
[SourceQuality "1"]

1. e4 e6 2. d4 d5 3. Nc3 Nf6 4. e5 Nfd7 5. Qh5 c5 6. Nf3 cxd4 7. Nxd4 g6 8. Qg5 Qxg5 9. Bxg5 a6 10. 0-0-0 h6 11. Bf4 Bg7 12. h4 Nc6 13. Nxc6 bxc6 14. Re1 Rb8 15. Nd1 0-0 16. Rh3 Rd8 17. h5 g5 18. Bh2 Rb4 19. a3 Re4 20. Rxe4 dxe4 21. Re3 f5 22. exf6 Nxf6 23. Be2 e5 24. Rc3 Bb7 25. Ne3 Nd7 26. Bc4+ Kh7 27. Be6 Nb6 28. Bf5+ Kh8 29. Rb3 1-0

[Event "LSS No Engine Cup 223 Preliminary 0"]
[Site "LSS email"]
[Date "2021.11.19"]
[Round "?"]
[White "Boni, Roberto"]
[Black "Townsend, John"]
[Result "1/2-1/2"]
[WhiteElo "1945"]
[BlackElo "1734"]
[PlyCount "108"]
[EventDate "2021.11.19"]
[EventType "tourn (corr)"]
[EventRounds "6"]
[EventCountry "GER"]
[SourceTitle "Corr 2024"]
[Source "ChessBase"]
[SourceDate "2023.10.19"]
[SourceVersion "1"]
[SourceVersionDate "2023.10.19"]
[SourceQuality "1"]

1. e4 c5 2. Nf3 Nc6 3. d4 cxd4 4. Nxd4 g6 5. c4 Bg7 6. Be3 Nf6 7. Nc3 0-0 8. Be2 d6 9. 0-0 Bd7 10. Nc2 Rc8 11. f3 Qa5 12. Qd2 Rfe8 13. Rfd1 Be6 14. a3 Nd7 15. b4 Qd8 16. Rab1 Nce5 17. c5 Bc4 18. f4 Bxe2 19. Nxe2 Nc4 20. Qd5 Nxe3 21. Nxe3 Nf6 22. Qxb7 Rc7 23. Qa6 Qa8 24. e5 dxe5 25. fxe5 Qe4 26. Qd3 Qxe5 27. Nc4 Qg5 28. Qg3 Qxg3 29. Nxg3 Kf8 30. Rd3 Rec8 31. Rbd1 Ke8 32. Ne3 Rd7 33. Rxd7 Nxd7 34. Nc4 Ne5 35. Nxe5 Bxe5 36. Ne4 Rd8 37. Rxd8+ Kxd8 38. Kf2 Bb2 39. a4 Ba3 40. b5 f5 41. Ng5 Bxc5+ 42. Ke2 Kc7 43. Nxh7 e5 44. Nf6 Kd6 45. Kd3 Bg1 46. h3 e4+ 47. Kc4 Ke5 48. Nd5 f4 49. Ne7 g5 50. Nc6+ Kd6 51. Nd8 Ke7 52. Nc6+ Kd6 53. Nd8 Ke7 54. Nc6+ Kd6 1/2-1/2

[Event "LSS No Engine Cup 223 Preliminary 0"]
[Site "LSS email"]
[Date "2021.11.19"]
[Round "?"]
[White "Townsend, John"]
[Black "Droin, Augustin"]
[Result "1-0"]
[WhiteElo "1734"]
[BlackElo "1600"]
[PlyCount "95"]
[EventDate "2021.11.19"]
[EventType "tourn (corr)"]
[EventRounds "6"]
[EventCountry "GER"]
[SourceTitle "Corr 2024"]
[Source "ChessBase"]
[SourceDate "2023.10.19"]
[SourceVersion "1"]
[SourceVersionDate "2023.10.19"]
[SourceQuality "1"]

1. e4 c5 2. Nf3 d6 3. Bb5+ Nd7 4. d4 Ngf6 5. Nc3 cxd4 6. Qxd4 e5 7. Qd3 h6 8. Be3 Be7 9. 0-0 0-0 10. Bc4 a6 11. Rad1 Qc7 12. Nh4 Nc5 13. Bxc5 Qxc5 14. Ng6 Re8 15. Nxe7+ Rxe7 16. Qxd6 Qxd6 17. Rxd6 Bd7 18. Nd5 Nxd5 19. Bxd5 Be8 20. Rd1 Rc8 21. Bb3 Kf8 22. Rd8 Rxd8 23. Rxd8 Rc7 24. f3 Ke7 25. Rd2 Bb5 26. Kf2 f6 27. Ke3 Bc4 28. Bxc4 Rxc4 29. c3 b5 30. Rd3 Ra4 31. a3 Rc4 32. Rd5 h5 33. h4 Rc6 34. Kd3 Rc4 35. f4 Ke6 36. f5+ Ke7 37. b3 Rc6 38. c4 bxc4+ 39. bxc4 Rb6 40. Kc2 Rb7 41. c5 Rb5 42. c6 Rb6 43. Rd7+ Ke8 44. Rxg7 Rxc6+ 45. Kb3 Rd6 46. Ra7 Rd3+ 47. Kb4 Rd4+ 48. Kc5 1-0

[Event "LSS No Engine Cup 223 Preliminary 0"]
[Site "LSS email"]
[Date "2021.11.19"]
[Round "?"]
[White "Townsend, John"]
[Black "Gadomez, Osam"]
[Result "1-0"]
[WhiteElo "1734"]
[BlackElo "1600"]
[PlyCount "53"]
[EventDate "2021.11.19"]
[EventType "tourn (corr)"]
[EventRounds "6"]
[EventCountry "GER"]
[SourceTitle "Corr 2024"]
[Source "ChessBase"]
[SourceDate "2023.10.19"]
[SourceVersion "1"]
[SourceVersionDate "2023.10.19"]
[SourceQuality "1"]

1. e4 e5 2. Nf3 Nc6 3. Bc4 Bc5 4. b4 Bxb4 5. c3 Ba5 6. 0-0 d6 7. d4 Nf6 8. dxe5 dxe5 9. Qb3 0-0 10. Rd1 Nd7 11. Ba3 a6 12. Bxf8 Qxf8 13. Bd5 Qc5 14. Bxf7+ Kh8 15. Qa3 Qxa3 16. Nxa3 Nf6 17. Nxe5 Bg4 18. Nxg4 Nxg4 19. Be6 Nf6 20. Bd5 Nxd5 21. Rxd5 Bxc3 22. Rad1 Bb4 23. Nc4 Rf8 24. f3 h6 25. Ne5 Nxe5 26. Rxe5 b6 27. Red5 1-0

[Event "LSS No Engine Cup 223 Preliminary 0"]
[Site "LSS email"]
[Date "2021.11.19"]
[Round "?"]
[White "Townsend, John"]
[Black "Ramponelli, Roberto"]
[Result "1-0"]
[WhiteElo "1734"]
[BlackElo "1582"]
[PlyCount "51"]
[EventDate "2021.11.19"]
[EventType "tourn (corr)"]
[EventRounds "6"]
[EventCountry "GER"]
[SourceTitle "Corr 2024"]
[Source "ChessBase"]
[SourceDate "2023.10.19"]
[SourceVersion "1"]
[SourceVersionDate "2023.10.19"]
[SourceQuality "1"]

1. e4 e6 2. d4 d5 3. Nc3 Nf6 4. Bg5 dxe4 5. Nxe4 Nbd7 6. Nf3 Be7 7. Nxf6+ Bxf6 8. h4 h6 9. Bxf6 Qxf6 10. Qd2 0-0 11. 0-0-0 e5 12. dxe5 Nxe5 13. Nxe5 Qxe5 14. Bc4 Bf5 15. Qd4 Qxd4 16. Rxd4 Rfe8 17. Rhd1 a6 18. Rf4 Be6 19. Bxe6 Rxe6 20. Rd7 Rae8 21. Rfxf7 Rg6 22. g3 Re1+ 23. Kd2 Rb1 24. b3 a5 25. Rxc7 b6 26. Rfd7 1-0

[Event "LSS No Engine Cup 212 Preliminary 0"]
[Site "LSS email"]
[Date "2021.01.05"]
[Round "?"]
[White "Townsend, John"]
[Black "Campbell, Iain"]
[Result "1/2-1/2"]
[WhiteElo "1829"]
[BlackElo "1788"]
[PlyCount "43"]
[EventDate "2021.01.05"]
[EventType "tourn (corr)"]
[EventRounds "6"]
[EventCountry "GER"]
[SourceTitle "Corr 2022"]
[Source "ChessBase"]
[SourceDate "2021.10.24"]
[SourceVersion "1"]
[SourceVersionDate "2021.10.24"]
[SourceQuality "1"]

1. e4 e6 2. d4 d5 3. Nc3 dxe4 4. Nxe4 Nd7 5. Nf3 Ngf6 6. Nxf6+ Nxf6 7. Bd3 Be7 8. 0-0 0-0 9. Ne5 c5 10. dxc5 Qc7 11. Qe2 Qxc5 12. Bg5 h6 13. Bd2 Bd6 14. Ng4 Nxg4 15. Qxg4 e5 16. Qe4 f5 17. Qc4+ Qxc4 18. Bxc4+ Kh7 19. Rad1 Bc7 20. Bc3 a6 21. Rfe1 Re8 22. a3 1/2-1/2

[Event "LSS No Engine Cup 212 Preliminary 0"]
[Site "LSS email"]
[Date "2021.01.05"]
[Round "?"]
[White "Varas, Pablo"]
[Black "Townsend, John"]
[Result "1-0"]
[WhiteElo "1913"]
[BlackElo "1829"]
[PlyCount "41"]
[EventDate "2021.01.05"]
[EventType "tourn (corr)"]
[EventRounds "6"]
[EventCountry "GER"]
[SourceTitle "Corr 2022"]
[Source "ChessBase"]
[SourceDate "2021.10.24"]
[SourceVersion "1"]
[SourceVersionDate "2021.10.24"]
[SourceQuality "1"]

1. d4 d5 2. c4 e6 3. Nc3 Nf6 4. cxd5 exd5 5. Bg5 c6 6. e3 Be7 7. Bd3 Nbd7 8. h3 Ne4 9. Bxe7 Nxc3 10. Qg4 Qxe7 11. Qxg7 Qb4 12. Qxh8+ Ke7 13. Kf1 Qxb2 14. Re1 Nf6 15. Qg7 Nce4 16. Bxe4 dxe4 17. Ne2 Qxa2 18. g4 Bxg4 19. hxg4 Rg8 20. Qh6 Rxg4 21. Qh2 1-0

[Event "LSS No Engine Cup 211 Preliminary 0"]
[Site "LSS email"]
[Date "2020.12.15"]
[Round "?"]
[White "Townsend, John"]
[Black "Brenwicker, Luc"]
[Result "0-1"]
[WhiteElo "1843"]
[BlackElo "1600"]
[PlyCount "56"]
[EventDate "2020.12.15"]
[EventType "tourn (corr)"]
[EventRounds "6"]
[EventCountry "GER"]
[SourceTitle "Corr 2024"]
[Source "ChessBase"]
[SourceDate "2023.10.19"]
[SourceVersion "1"]
[SourceVersionDate "2023.10.19"]
[SourceQuality "1"]

1. e4 c6 2. d4 d5 3. e5 Bf5 4. Nf3 e6 5. Be2 Ne7 6. 0-0 Nd7 7. Nh4 Bg6 8. Nd2 c5 9. c3 Rc8 10. Nxg6 hxg6 11. Nf3 cxd4 12. cxd4 Nc6 13. Be3 Be7 14. Qb1 0-0 15. Rc1 Nb6 16. Bd2 Nc4 17. Bxc4 dxc4 18. Qe4 Qd5 19. Qxd5 exd5 20. a3 a5 21. Kf1 b5 22. Rd1 Ra8 23. Be1 b4 24. a4 f6 25. Rac1 Rae8 26. Rc2 g5 27. h3 Bd8 28. Re2 Bb6 0-1

[Event "LSS No Engine Cup 211 Preliminary 0"]
[Site "LSS email"]
[Date "2020.12.15"]
[Round "?"]
[White "Townsend, John"]
[Black "Oliger, Mark"]
[Result "0-1"]
[WhiteElo "1843"]
[BlackElo "1598"]
[PlyCount "36"]
[EventDate "2020.12.15"]
[EventType "tourn (corr)"]
[EventRounds "6"]
[EventCountry "GER"]
[SourceTitle "Corr 2024"]
[Source "ChessBase"]
[SourceDate "2023.10.19"]
[SourceVersion "1"]
[SourceVersionDate "2023.10.19"]
[SourceQuality "1"]

1. e4 e5 2. Nf3 Nc6 3. d4 exd4 4. Bc4 Bc5 5. 0-0 d6 6. c3 Bg4 7. Qb3 Bxf3 8. Bxf7+ Kf8 9. Bxg8 Rxg8 10. gxf3 g5 11. Qe6 Rg6 12. Qf5+ Kg7 13. b4 Bb6 14. Bb2 Qe7 15. cxd4 Bxd4 16. Nc3 g4 17. Kh1 Rf8 18. Qh5 Qf6 0-1

[Event "LSS No Engine Cup 209 Preliminary 0"]
[Site "LSS email"]
[Date "2020.10.24"]
[Round "?"]
[White "Stadler, Pavel"]
[Black "Townsend, John"]
[Result "0-1"]
[WhiteElo "1468"]
[BlackElo "1830"]
[PlyCount "54"]
[EventDate "2020.10.24"]
[EventType "tourn (corr)"]
[EventRounds "6"]
[EventCountry "GER"]
[SourceTitle "Corr 2022"]
[Source "ChessBase"]
[SourceDate "2021.10.24"]
[SourceVersion "1"]
[SourceVersionDate "2021.10.24"]
[SourceQuality "1"]

1. e4 e6 2. d4 d5 3. Nd2 Be7 4. c3 dxe4 5. Nxe4 Nf6 6. Bd3 Nbd7 7. Nf3 0-0 8. 0-0 Nxe4 9. Bxe4 Nf6 10. Bc2 b6 11. Ne5 Bb7 12. Bg5 Nd5 13. Bxe7 Qxe7 14. Qd3 f5 15. Rae1 Rf6 16. a3 Nf4 17. Qg3 Nxg2 18. Re2 Rh6 19. f3 Nh4 20. Bb3 Rf8 21. Kf2 f4 22. Qg4 Nf5 23. Rh1 Ne3 24. Rxe3 fxe3+ 25. Kxe3 Bd5 26. Bxd5 exd5 27. Rg1 Rg6 0-1

[Event "LSS No Engine Cup 209 Preliminary 0"]
[Site "LSS email"]
[Date "2020.10.24"]
[Round "?"]
[White "Townsend, John"]
[Black "Henke, Simon"]
[Result "1/2-1/2"]
[WhiteElo "1830"]
[BlackElo "2050"]
[PlyCount "32"]
[EventDate "2020.10.24"]
[EventType "tourn (corr)"]
[EventRounds "6"]
[EventCountry "GER"]
[SourceTitle "Corr 2022"]
[Source "ChessBase"]
[SourceDate "2021.10.24"]
[SourceVersion "1"]
[SourceVersionDate "2021.10.24"]
[SourceQuality "1"]

1. e4 c5 2. Nf3 e6 3. d4 cxd4 4. Nxd4 Nf6 5. Nc3 Nc6 6. Be2 Bb4 7. 0-0 Bxc3 8. bxc3 Nxe4 9. Bd3 Nxc3 10. Qg4 Qf6 11. Nxc6 h5 12. Qg3 bxc6 13. Bg5 Qd4 14. Be3 Qf6 15. Bg5 Qd4 16. Be3 Qf6 1/2-1/2

[Event "LSS No Engine Cup 209 Preliminary 0"]
[Site "LSS email"]
[Date "2020.10.24"]
[Round "?"]
[White "Townsend, John"]
[Black "Krebs, Hans Joachim"]
[Result "1/2-1/2"]
[WhiteElo "1830"]
[BlackElo "1775"]
[PlyCount "36"]
[EventDate "2020.10.24"]
[EventType "tourn (corr)"]
[EventRounds "6"]
[EventCountry "GER"]
[SourceTitle "Corr 2022"]
[Source "ChessBase"]
[SourceDate "2021.10.24"]
[SourceVersion "1"]
[SourceVersionDate "2021.10.24"]
[SourceQuality "1"]

1. e4 e5 2. Nf3 Nf6 3. Nxe5 d6 4. Nf3 Nxe4 5. d4 d5 6. Bd3 Nc6 7. 0-0 Be7 8. Re1 Bg4 9. c4 Nf6 10. cxd5 Bxf3 11. Qxf3 Qxd5 12. Qxd5 Nxd5 13. Nc3 0-0-0 14. Be4 Bb4 15. Bd2 Nf6 16. Bxc6 bxc6 17. Be3 Nd5 18. Nxd5 Bxe1 1/2-1/2

[Event "LSS No Engine Cup 209 Preliminary 0"]
[Site "LSS email"]
[Date "2020.10.24"]
[Round "?"]
[White "Townsend, John"]
[Black "Langheld, Werner"]
[Result "0-1"]
[WhiteElo "1830"]
[BlackElo "1600"]
[PlyCount "96"]
[EventDate "2020.10.24"]
[EventType "tourn (corr)"]
[EventRounds "6"]
[EventCountry "GER"]
[SourceTitle "Corr 2022"]
[Source "ChessBase"]
[SourceDate "2021.10.24"]
[SourceVersion "1"]
[SourceVersionDate "2021.10.24"]
[SourceQuality "1"]

1. e4 d5 2. exd5 Qxd5 3. Nc3 Qa5 4. d4 Nf6 5. Bc4 c6 6. Bd2 Qb6 7. Nge2 Qxb2 8. Rb1 Qa3 9. 0-0 e6 10. Ng3 Be7 11. Nh5 Nxh5 12. Qxh5 Qd6 13. Be3 0-0 14. Ne4 Qd8 15. Rfd1 Nd7 16. Bg5 Bxg5 17. Nxg5 Nf6 18. Qh4 h6 19. Ne4 Nd5 20. Qg3 Qc7 21. Qxc7 Nxc7 22. Be2 b6 23. Rb3 Rd8 24. Kf1 Ba6 25. Bxa6 Nxa6 26. Ke2 Rd7 27. Rc3 Rc8 28. Rc4 f5 29. Nc3 Nb8 30. Ke3 Rcd8 31. Rd3 b5 32. Rb4 a5 33. Rb1 Na6 34. a3 Nc7 35. Ne2 Nd5+ 36. Kd2 Nb6 37. Kc3 Nc4 38. Kb3 e5 39. Rbd1 a4+ 40. Ka2 e4 41. Rg3 g5 42. h4 g4 43. f3 h5 44. fxe4 fxe4 45. Rf1 Rf8 46. Rxf8+ Kxf8 47. Nf4 e3 48. Ng6+ Kg7 0-1

[Event "LSS No Engine Cup 207 Preliminary 0"]
[Site "LSS email"]
[Date "2020.09.16"]
[Round "?"]
[White "Townsend, John"]
[Black "Hoehne, Ernst"]
[Result "1-0"]
[WhiteElo "1839"]
[BlackElo "2092"]
[PlyCount "51"]
[EventDate "2020.09.16"]
[EventType "tourn (corr)"]
[EventRounds "6"]
[EventCountry "GER"]
[SourceTitle "Corr 2022"]
[Source "ChessBase"]
[SourceDate "2021.10.24"]
[SourceVersion "1"]
[SourceVersionDate "2021.10.24"]
[SourceQuality "1"]

1. e4 c5 2. Nf3 d6 3. Bb5+ Bd7 4. Bxd7+ Nxd7 5. 0-0 Ngf6 6. Qe2 e6 7. b3 Be7 8. Bb2 0-0 9. c4 a6 10. d4 cxd4 11. Nxd4 Qc7 12. Nc3 Rfe8 13. Rfd1 Rad8 14. Rac1 Ne5 15. Kh1 h6 16. f4 Nc6 17. Nc2 Nd7 18. Qh5 Bf6 19. Ne3 Qa5 20. Qxa5 Nxa5 21. Ng4 Nc6 22. Nxf6+ Nxf6 23. Ba3 e5 24. Rxd6 exf4 25. Re1 g5 26. Rxf6 1-0

[Event "LSS No Engine Cup 207 Preliminary 0"]
[Site "LSS email"]
[Date "2020.09.16"]
[Round "?"]
[White "Townsend, John"]
[Black "Hoehne, Micha"]
[Result "0-1"]
[WhiteElo "1839"]
[BlackElo "2071"]
[PlyCount "48"]
[EventDate "2020.09.16"]
[EventType "tourn (corr)"]
[EventRounds "6"]
[EventCountry "GER"]
[SourceTitle "Corr 2022"]
[Source "ChessBase"]
[SourceDate "2021.10.24"]
[SourceVersion "1"]
[SourceVersionDate "2021.10.24"]
[SourceQuality "1"]

1. e4 e5 2. Nf3 Nc6 3. Bc4 Bc5 4. b4 Bxb4 5. c3 Bd6 6. d4 Nf6 7. 0-0 0-0 8. Nbd2 a6 9. Re1 b5 10. Bb3 Bb7 11. Nf1 h6 12. Ng3 Re8 13. Nf5 Bf8 14. d5 Na5 15. h3 c6 16. d6 c5 17. Bc2 Re6 18. a4 Nc4 19. Rb1 Qa5 20. Nd2 Nxd6 21. Bb3 Ndxe4 22. Nxe4 Bxe4 23. Rxe4 Nxe4 24. Qf3 c4 0-1

[Event "LSS No Engine Cup 206 Preliminary 0"]
[Site "LSS email"]
[Date "2020.08.24"]
[Round "?"]
[White "Townsend, John"]
[Black "Louro, Eugenio Diogo"]
[Result "0-1"]
[WhiteElo "1837"]
[BlackElo "1990"]
[PlyCount "64"]
[EventDate "2020.08.24"]
[EventType "tourn (corr)"]
[EventRounds "6"]
[EventCountry "GER"]
[SourceTitle "Corr 2022"]
[Source "ChessBase"]
[SourceDate "2021.10.24"]
[SourceVersion "1"]
[SourceVersionDate "2021.10.24"]
[SourceQuality "1"]

1. e4 e5 2. Nc3 Nf6 3. Bc4 Bc5 4. d3 h6 5. f4 d6 6. Nf3 a6 7. Qe2 Nc6 8. Nd5 exf4 9. Bxf4 Be6 10. 0-0-0 b5 11. Bb3 0-0 12. d4 Ba7 13. Nxf6+ Qxf6 14. Be3 Bxb3 15. axb3 Rfe8 16. Rhf1 Rxe4 17. Nd2 Nxd4 18. Qd3 Ne2+ 19. Qxe2 Rxe3 20. Qxe3 Bxe3 21. Rxf6 gxf6 22. Re1 Re8 23. Kd1 Re6 24. Nf3 f5 25. g3 f4 26. g4 Kg7 27. Nh4 Kf6 28. Nf5 Kg5 29. h3 Bb6 30. Rf1 Re4 31. Kd2 h5 32. Kd3 d5 0-1

[Event "LSS No Engine Cup 205 Preliminary 0"]
[Site "LSS email"]
[Date "2020.07.06"]
[Round "?"]
[White "Townsend, John"]
[Black "Heiser, Jerome"]
[Result "1-0"]
[WhiteElo "1779"]
[BlackElo "769"]
[PlyCount "55"]
[EventDate "2020.07.06"]
[EventType "tourn (corr)"]
[EventRounds "6"]
[EventCountry "GER"]
[SourceTitle "Corr 2022"]
[Source "ChessBase"]
[SourceDate "2021.10.24"]
[SourceVersion "1"]
[SourceVersionDate "2021.10.24"]
[SourceQuality "1"]

1. e4 e5 2. Nf3 Nc6 3. d4 exd4 4. Bc4 h6 5. Nxd4 Bc5 6. Nxc6 bxc6 7. Bxf7+ Ke7 8. Bxg8 Rxg8 9. 0-0 d5 10. Qh5 Be6 11. Nc3 Bf7 12. Qe5+ Be6 13. exd5 cxd5 14. Re1 Bxf2+ 15. Kxf2 Qd6 16. Nxd5+ Kd7 17. Qxe6+ Qxe6 18. Rxe6 c6 19. Re7+ Kd6 20. Bf4+ Kxd5 21. Re5+ Kc4 22. Rae1 Rgd8 23. R1e4+ Rd4 24. Ke3 c5 25. Rxc5+ Kxc5 26. Rxd4 Re8+ 27. Re4 Rb8 28. Bxb8 1-0

[Event "LSS No Engine Cup 205 Preliminary 0"]
[Site "LSS email"]
[Date "2020.07.06"]
[Round "?"]
[White "Townsend, John"]
[Black "Sabbatini, Giuseppe"]
[Result "0-1"]
[WhiteElo "1779"]
[BlackElo "2011"]
[PlyCount "62"]
[EventDate "2020.07.06"]
[EventType "tourn (corr)"]
[EventRounds "6"]
[EventCountry "GER"]
[SourceTitle "Corr 2022"]
[Source "ChessBase"]
[SourceDate "2021.10.24"]
[SourceVersion "1"]
[SourceVersionDate "2021.10.24"]
[SourceQuality "1"]

1. e4 e5 2. Nc3 Nf6 3. Bc4 Nxe4 4. Qh5 Nd6 5. Bb3 Be7 6. Nf3 Nc6 7. Nxe5 g6 8. Nxc6 dxc6 9. Qf3 0-0 10. d3 Nf5 11. 0-0 Nd4 12. Qd1 Be6 13. Be3 Bxb3 14. axb3 a6 15. Bxd4 Qxd4 16. Ra4 Qd7 17. Qf3 f5 18. Ne2 Rae8 19. h4 Bf6 20. c3 Qe7 21. Nd4 Bxh4 22. Nc2 Bf6 23. Re1 Qf7 24. Rxe8 Rxe8 25. Ne3 Be7 26. g4 Qxb3 27. Rc4 Qxb2 28. gxf5 Rf8 29. Qe4 Bd6 30. Qe6+ Kh8 31. Rh4 Qxc3 0-1

[Event "LSS No Engine Cup 205 Preliminary 0"]
[Site "LSS email"]
[Date "2020.07.06"]
[Round "?"]
[White "Townsend, John"]
[Black "Wilshusen, Horst"]
[Result "1-0"]
[WhiteElo "1779"]
[BlackElo "1547"]
[PlyCount "47"]
[EventDate "2020.07.06"]
[EventType "tourn (corr)"]
[EventRounds "6"]
[EventCountry "GER"]
[SourceTitle "Corr 2022"]
[Source "ChessBase"]
[SourceDate "2021.10.24"]
[SourceVersion "1"]
[SourceVersionDate "2021.10.24"]
[SourceQuality "1"]

1. e4 e5 2. Nf3 Nc6 3. d4 exd4 4. Bc4 Bc5 5. 0-0 Nge7 6. Ng5 d5 7. exd5 Ne5 8. Bb3 Bf5 9. Qe2 Bd6 10. Rd1 d3 11. cxd3 h6 12. Ne4 0-0 13. Nbc3 Nd7 14. Be3 Bg6 15. Rac1 f5 16. Nxd6 cxd6 17. Bf4 Nc5 18. Bc4 a6 19. b4 b5 20. bxc5 bxc4 21. cxd6 cxd3 22. Qxe7 Re8 23. Qxd8 Raxd8 24. Rxd3 1-0

[Event "LSS No Engine Cup 204 Preliminary 0"]
[Site "LSS email"]
[Date "2020.06.05"]
[Round "?"]
[White "Schnoewitz, Brigitte"]
[Black "Townsend, John"]
[Result "0-1"]
[WhiteElo "1285"]
[BlackElo "1762"]
[PlyCount "84"]
[EventDate "2020.06.05"]
[EventType "tourn (corr)"]
[EventRounds "6"]
[EventCountry "GER"]
[SourceTitle "Corr 2022"]
[Source "ChessBase"]
[SourceDate "2021.10.24"]
[SourceVersion "1"]
[SourceVersionDate "2021.10.24"]
[SourceQuality "1"]

1. d4 d5 2. Bf4 Nf6 3. h3 e6 4. e3 c5 5. Nf3 Nc6 6. Be2 Bd6 7. Bxd6 Qxd6 8. dxc5 Qxc5 9. c3 e5 10. 0-0 0-0 11. Nbd2 Rd8 12. Nb3 Qe7 13. a4 h6 14. a5 a6 15. Nh2 Bf5 16. Nd2 Rac8 17. Ng4 Ne4 18. Nh2 Nxd2 19. Qxd2 d4 20. exd4 exd4 21. Rfe1 dxc3 22. Qxc3 Nd4 23. Bc4 Qc7 24. Rac1 Nc2 25. Re5 Qxc4 26. Qxc4 Rxc4 27. Rxf5 Ne3 28. Rxc4 Rd1+ 29. Nf1 Rxf1+ 30. Kh2 Nxf5 31. Rc8+ Kh7 32. Rc7 Nd6 33. f3 Kg6 34. Kg3 Kf5 35. h4 Ra1 36. Rc5+ Ke6 37. Kg4 Ra2 38. b3 Rxg2+ 39. Kf4 Ra2 40. Re5+ Kd7 41. Rd5 Kc6 42. Ke5 Re2+ 0-1

[Event "LSS No Engine Cup 204 Preliminary 0"]
[Site "LSS email"]
[Date "2020.06.05"]
[Round "?"]
[White "Townsend, John"]
[Black "Banshchykau, Valery"]
[Result "0-1"]
[WhiteElo "1762"]
[BlackElo "1727"]
[PlyCount "56"]
[EventDate "2020.06.05"]
[EventType "tourn (corr)"]
[EventRounds "6"]
[EventCountry "GER"]
[SourceTitle "Corr 2022"]
[Source "ChessBase"]
[SourceDate "2021.10.24"]
[SourceVersion "1"]
[SourceVersionDate "2021.10.24"]
[SourceQuality "1"]

1. e4 e6 2. d4 d5 3. Nc3 dxe4 4. Nxe4 Bd7 5. Nf3 Bc6 6. Bd3 Nd7 7. 0-0 Bxe4 8. Bxe4 c6 9. c4 Bd6 10. Qe2 Ngf6 11. Bd3 0-0 12. Bg5 h6 13. Bh4 b6 14. Rfd1 Qc7 15. Rac1 Rfd8 16. Bb1 Rac8 17. d5 cxd5 18. Rc3 dxc4 19. b3 b5 20. bxc4 g5 21. Bg3 Bxg3 22. hxg3 bxc4 23. Rdc1 Nb6 24. Ne5 Rd4 25. a4 a5 26. Kh1 Qd6 27. f4 gxf4 28. Ng4 Nbd5 0-1